| 000 | 004470000a22001090004500 | ||
|---|---|---|---|
| 090 |
_aAS _bSeriadas |
||
| 245 | 1 | 0 | _aEfecto del cadmio y el cobre sobre el flujo de nitrógeno y fósforo en la interfase agua-sedimento en una laguna costera tropical |
| 041 | 0 | _aEspañol | |
| 100 | 1 |
_aCastro González, Maribeb _9100231 |
|
| 942 | _cARTICULO | ||
| 773 | 1 |
_tRevista de la Academia Colombiana de Ciencias Exactas, Físicas y Naturales _h109 _q535-543 _d2004 _g28 |
|
| 999 |
_c15978 _d15978 |
||